|
|
|
|
| LEADER |
01384nam a22003014a 4500 |
| 001 |
29550 |
| 003 |
BD-DhAAL |
| 005 |
20150824143746.0 |
| 008 |
150726s2001 enka b 001 0 eng |
| 010 |
|
|
|a 00050172
|
| 020 |
|
|
|a 0335208177
|
| 020 |
|
|
|a 0335208169 (pbk.)
|
| 040 |
|
|
|a DLC
|c DLC
|d DLC
|d BD-DhAAL
|
| 050 |
0 |
0 |
|a LB1775.4.G7
|b R43 2001
|
| 082 |
0 |
0 |
|a 378.1250941
|2 21
|
| 999 |
|
|
|c 35071
|d 35071
|
| 999 |
|
|
|c 35071
|
| 245 |
0 |
0 |
|a Reconstructing professionalism in university teaching :
|b teachers and learners in action /
|c edited by Melanie Walker.
|
| 260 |
|
|
|a Buckingham ;
|a Philadelphia, Pa. :
|b The Society for Research into Higher Education & Open University Press,
|c 2001.
|
| 300 |
|
|
|a xiv, 208 p. :
|b ill. ;
|c 24 cm.
|
| 504 |
|
|
|a Includes bibliographical references and index.
|
| 541 |
|
|
|e 29550
|
| 650 |
|
0 |
|a College teachers
|x Professional relationships
|z Great Britain.
|9 13239
|
| 650 |
|
0 |
|a College teaching
|z Great Britain.
|9 13240
|
| 700 |
1 |
|
|a Walker, Melanie.
|9 13241
|
| 942 |
|
|
|2 ddc
|c BK
|
| 952 |
|
|
|0 0
|1 0
|2 ddc
|4 0
|6 378_125094100000000_REC
|7 1
|9 54956
|a BRACUL
|b BRACUL
|c REF
|d 2015-07-26
|e Riza Enterprise
|g 8500.00
|l 0
|o 378.1250941 REC
|p 3010029550
|r 2015-07-26
|t 1
|w 2015-07-26
|y BK
|
| 952 |
|
|
|0 0
|1 0
|2 ddc
|4 0
|6 378_125094100000000_REC
|7 0
|9 55507
|a BRACUL
|b BRACUL
|c GEN
|d 2015-08-24
|e Riza Enterprise
|g 8500.00
|l 1
|m 1
|o 378.1250941 REC
|p 3010029843
|r 2016-08-17
|s 2016-05-19
|t 2
|w 2015-08-24
|y BK
|